000 01186nam a22002057a 4500
999 _c63363
_d63363
003 Ge_BSU
005 20250925150448.0
008 250925s1979 ge ||||| |||| 00| 0 geo d
041 _ageo
080 _a908(479.223) : 94(479.22:477) ვ-40
100 _aვერძაძე, ნური
_93469
245 _aმეგობრობის გზებზე :
_b [ნარკვევი ხერსონისა და ბათუმის მეგობრობაზე].
_cნური ვერძაძე; რედ. ზ. ფირცხალაიშვილი.
264 _aბათუმი :
_b საბჭ. აჭარა,
_c1979.
300 _a47გვ. ;
_b18სმ.
653 _aკომუნისტური მშენებლობა აჭარაში
653 _aკომუნისტური მშენებლობა უკრაინაში
653 _aსაქართველო-უკრაინის ხალხთა მეგობრობის ისტორია.
700 _aფირცხალაიშვილი, ზ.
_eრედაქტორი
_93678
942 _2udc
_cᲬᲘᲒᲜᲘ